000 00493nam a22001337a 4500
082 _aMSEE-3
100 _aMaryam Saeed
_998895
245 _aUnsupervised and online neural spike sorting for implantable brain machine interface
260 _aIslamabad
_bNUST-SEECS
_c2014
300 _a53
_eCD Include
500 _aSupervisors:Dr. Awais Mehmood Kamboh, Dr. Khawar Khurshid, Dr. Ahmad Salman, Dr. Amir Ali Khan
856 _uhttp://10.250.8.41:8080/xmlui/handle/123456789/9449
942 _cPR
_2ddc
999 _c13239
_d13239